Návrh riešenia ergonomickej racionalizácie vo vybraných prevádzkach podniku ZF Slovakia, a.s.

Saved in:
Bibliographic Details
Main Author: Mancová, Katarína (Author)
Other Authors: Hatiar, Karol (Thesis advisor)
Format: Manuscript Book
Language:Slovak
Published: 2019
Subjects:
Online Access:http://is.stuba.sk/zp/portal_zp.pl?podrobnosti=143625
Tags: Add Tag
No Tags, Be the first to tag this record!

MARC

LEADER 00000ntm a22000003a 4500
001 stuzp72635
003 SK-STU
005 20190608210957.5
007 ta
008 150427s2015----xo-----f-mn---000-0-slo-d
040 |a STU  |b slo 
041 0 |a slo 
100 1 |a Mancová, Katarína  |u 064000  |k Z4  |4 aut  |U MTF Materiálovotechnologická fakulta  |T MTF Ústav priemyselného inžinierstva a manažmentu  |X 73305  |U M4000  |Y 84  |7 73305 
242 0 1 |a Proposal solution of ergonomic rationalization in selected operations of the enterprise ZF Slovakia, a.s.  |y eng 
245 1 0 |a Návrh riešenia ergonomickej racionalizácie vo vybraných prevádzkach podniku ZF Slovakia, a.s. 
260 |c 2019 
650 4 |a ergonómia  |2 slo 
650 4 |a ergonomická racionalizácia  |2 slo 
650 4 |a Nordic Questionnaire  |2 slo 
650 4 |a ergonomic rationalization  |2 eng 
650 4 |a Nordic Questionnaire  |2 eng 
650 4 |a ergonomics  |2 eng 
700 1 |a Hatiar, Karol  |u 064000  |k Z1  |4 ths  |U MTF Materiálovotechnologická fakulta  |T MTF Ústav priemyselného inžinierstva a manažmentu  |X 326  |U M4000  |Y 84  |7 A000000326 
856 4 |u http://is.stuba.sk/zp/portal_zp.pl?podrobnosti=143625 
996 |c M* DP-14055  |l MMSKP  |s P  |a 0  |w stuzp72635_0001